000 01096cab a2200277 4500
001 ABS59789
008 090401t1998 xxu||||| |||| 00| 0 eng d
035 _a(Sirsi) u90426
041 _aeng
100 _aHale, A.
245 2 _aA national rural property database
260 _c1998
350 _a0
490 _aRural Property Bulletin
_vNovember 1998, 26-27(2)
520 _aConsiders the prospects for conversion of rural buildings to commercial rather than residential use. Notes the questions to consider before a successful letting can be achieved. Reviews the development of a trial rural property database in Hereford and Worcester which acts as a register of rural property available for commercial use and a list of businesses looking for such property.
650 _aALTERNATIVE USES
650 _aCOMMERCIAL USE
650 _aCONVERSIONS
650 _aPPG7
650 _aRURAL BUILDINGS
650 _aRURAL PROPERTY DATABASE
650 _aRURAL PROPERTY
690 _aPROPERTY-COMMERCIAL PROPERTY-COMMERCIAL PROPERTY MARKET
942 _n0
948 _c21/12/1998
999 _c57332
_d57332